Name the countries beginning with A under 60 seconds. Quiz Stats

 Plays Quiz not verified by Sporcle

Support Sporcle.
Go Orange.
Score 0/11 Timer 01:00
0 Plays Today
% Correct
Australia
92.7%
Albania
90.2%
Armenia
86.6%
Austria
85.4%
Azerbaijan
85.4%
Algeria
80.5%
Argentina
80.5%
Andorra
76.8%
Afghanistan
72%
Angola
72%
Antigua and Barbuda
72%

You're not logged in!

Compare scores with friends on all Sporcle quizzes.
OR
Log In

From the Vault

Romero's Dead Series

by MovieVGManiac

I failed to get all of these correct and it is just killing me!
Remove Ads.
Support Sporcle.
Get the best of Sporcle when you Go Orange. This ad-free experience offers more features, more stats, and more fun while also helping to support Sporcle. Thank you for becoming a member.

Show Comments

Extras

Top Quizzes Today


Score Distribution

Your Account Isn't Verified!

In order to create a playlist on Sporcle, you need to verify the email address you used during registration. Go to your Sporcle Settings to finish the process.

Report this User

Report this user for behavior that violates our Community Guidelines.

Details: